| 000 | 00806nam a22002177a 4500 | ||
|---|---|---|---|
| 999 |
_c13722 _d13722 |
||
| 008 | 190402b ||||| |||| 00| 0 eng d | ||
| 020 | _a9781119163343 | ||
| 082 |
_22016 _aAV-Eb 362.1 _bF411 |
||
| 100 |
_aFertman, Carl I. _938146 |
||
| 110 |
_a Society for Public Health Education _938147 |
||
| 245 |
_aHealth promotion programs : _bfrom theory to practice / _cCarl I. Fertman, Diane D. Allensworth, |
||
| 250 | _aSecond Edition | ||
| 260 |
_bJohn Wiley & Sons, Incorporated, _c©2016. |
||
| 300 | _a499 pages; | ||
| 440 |
_aJossey-Bass Public Health Ser. _938148 |
||
| 500 | _aIncludes index | ||
| 650 |
_aHealth promotion. _938149 |
||
| 700 |
_aAllensworth, Diane D. _938150 |
||
| 856 | _yhttps://ebookcentral.proquest.com/lib/uniofmindanao-ebooks/detail.action?docID=4718311 | ||
| 942 |
_2ddc _cEB |
||